[Event "Buenos Aires Guimard Memorial 4th"]
[Site "Buenos Aires"]
[Date "2016.10.09"]
[Round "5"]
[White "Brizzi, Milagros Tatiana"]
[Black "Alioni, Alejandro"]
[Result "1-0"]
[WhiteElo "2020"]
[BlackElo "1845"]
[PlyCount "55"]
[EventDate "2016.10.08"]
[EventType "swiss"]
[EventRounds "7"]
[EventCountry "ARG"]
[SourceTitle "CBM 175 Extra"]
[Source "ChessBase"]
[SourceDate "2016.12.12"]
[SourceVersion "1"]
[SourceVersionDate "2016.12.12"]
[SourceQuality "1"]

1. e4 c6 2. d4 d5 3. e5 Bf5 4. Nf3 e6 5. Be2 Nd7 6. 0-0 Be7 7. c3 g5 8. c4 h5 9. Nc3 h4 10. Be3 Nf8 11. cxd5 exd5 12. Bd3 Bg4 13. h3 Bh5 14. Be2 Ne6 15. Nh2 Bg6 16. a3 Nh6 17. b4 Nf5 18. Qd2 b5 19. Rac1 Qb6 20. Rfd1 a5 21. Na2 0-0 22. Ng4 Nxe3 23. fxe3 axb4 24. Nxb4 Rxa3 25. Nxc6 Re8 26. Nxe7+ Rxe7 27. Nf6+ Kg7 28. Nxd5 1-0

[Event "Buenos Aires Guimard Memorial 4th"]
[Site "Buenos Aires"]
[Date "2016.10.08"]
[Round "1"]
[White "Toniutti, Ezio"]
[Black "Alioni, Alejandro"]
[Result "1-0"]
[WhiteElo "2204"]
[BlackElo "1845"]
[PlyCount "55"]
[EventDate "2016.10.08"]
[EventType "swiss"]
[EventRounds "7"]
[EventCountry "ARG"]
[SourceTitle "CBM 175 Extra"]
[Source "ChessBase"]
[SourceDate "2016.12.12"]
[SourceVersion "1"]
[SourceVersionDate "2016.12.12"]
[SourceQuality "1"]

1. d4 c6 2. c4 d5 3. Nc3 Nf6 4. e3 g6 5. Nf3 Bg7 6. Be2 0-0 7. 0-0 Nbd7 8. cxd5 Nxd5 9. e4 Nxc3 10. bxc3 b6 11. Bg5 h6 12. Bh4 Bb7 13. Rc1 Re8 14. Qb3 c5 15. e5 g5 16. e6 fxe6 17. Qxe6+ Kh8 18. Bg3 Nf8 19. Qg4 Qd5 20. Rfe1 c4 21. Bf1 b5 22. Ne5 Bc8 23. Qh5 a6 24. Nf7+ Kg8 25. Nxh6+ Bxh6 26. Qxh6 Qf7 27. Qxg5+ Qg6 28. Qh4 1-0